Canadian Cities by Crime Rate - Statistics

General Stats
  • This quiz has been taken 214 times
  • The average score is 6 of 9
Answer Stats
Position Crimes per 100,000 people Answer % Correct
6 92.6 Vancouver
90%
8 87.8 Montreal
83%
5 95.8 Edmonton
81%
1 145.4 Winnipeg
81%
4 110.1 Regina
67%
7 92.4 Halifax
64%
2 126.4 Saskatoon
64%
3 118.8 Thunder Bay
40%
9 81.8 Kelowna
21%
No matching quizzes found
Score Distribution
Percent of People with Each Score
Percentile by Number Answered
Your Score History
You have not taken this quiz